| 000 | 01157cam a2200313 i 4500 | ||
|---|---|---|---|
| 001 | 15770180 | ||
| 003 | EG-ScBUE | ||
| 005 | 20241003093607.0 | ||
| 008 | 090610t2010 njua f b 001 0 eng d | ||
| 020 | _a9780132296380 (alk. paper) | ||
| 020 | _a0132296381 (alk. paper) | ||
| 040 |
_aDLC _beng _erda _cDLC _dDLC _dEG-ScBUE |
||
| 082 | 0 | 4 |
_a515 _222 _bWAD |
| 100 | 1 |
_aWade, W. R., _eauthor. _928984 |
|
| 245 | 1 | 3 |
_aAn introduction to analysis / _cWilliam R. Wade, University of Tennessee. |
| 250 | _aFourth edition. | ||
| 264 | 1 |
_aUpper Saddle River, N.J. : _bPearson/Prentice Hall, _c[2010] |
|
| 264 | 4 | _cc2010 | |
| 300 |
_axiii, 680 pages : _billustrations ; _c24 cm |
||
| 336 |
_2rdacontent _atext _btxt |
||
| 337 |
_aunmediated _2rdamedia _bn |
||
| 338 |
_avolume _bnc _2rdacarrier |
||
| 504 | _aIncludes bibliographical references and index. | ||
| 650 | 7 |
_aMathematical analysis _vTextbooks. _2BUEsh _928985 |
|
| 653 | _cFebruary2012 | ||
| 655 | _vReading book | ||
| 942 |
_2ddc _cBB |
||
| 999 |
_c16484 _d16484 |
||